Obst - Statistics

General Stats
  • This quiz has been taken 16 times
  • The average score is 22 of 70
Answer Stats
Hint Answer % Correct
strawberry die Erdbeere
85%
raspberry die Himbeere
77%
apricot die Aprikose
46%
banana die Banane
46%
blood orange die Blutorange
46%
hazelnut die Haselnuss
46%
blueberry die Heidelbeere
46%
kiwi die Kiwi
46%
coconut die Kokosnuss
46%
mango die Mango
46%
fresh frisch
46%
juicy saftig
46%
sour sauer
46%
apple der Apfel
38%
pineapple die Ananas
38%
pear die Birne
38%
peanut die Erdnuss
38%
grapefruit die Grapefruit
38%
guava die Guave
38%
cherry die Kirsche
38%
almond die Mandel
38%
nectarine die Nektarine
38%
nutshell die Nussschalle
38%
orange die Orange
38%
passion fruit die Passionsfrucht
38%
walnut die Walnuss
38%
watermelon die Wassermelone
38%
grape die Weintraube
38%
lemon die Zitrone
38%
roasted geröstet
38%
salted gesalzen
38%
peeled geschält
38%
ripe reif
38%
pomergranate der Granatapfel
31%
peach der Pfirsich
31%
blackberry die Brombeere
31%
clementine die Clementine
31%
date die Dattel
31%
honeydewmelon die Honigmelone
31%
lime die Limette
31%
pecan nut die Pekannuss
31%
pistachio die Pistazie
31%
raisin die Rosine
31%
to crack a nut eine Nuss knacken
31%
seedless kernlos
31%
crunchy knackig
31%
nutcracker der Nussknacker
23%
pine kernel der Pinienkern
23%
chestnut die Kastanie
23%
lychee die Litschi
23%
pawpaw die Papaya
23%
peel die Schale
23%
gooseberry die Stachelbeere
23%
star fruit die Sternfrucht
23%
cashew nut der Caschewkern
15%
pitahaya die Drachenfrucht
15%
fig die Feige
15%
kumquat die Kumquat
15%
macadamia nut die Macadamianuss
15%
lingonberry die Preiselbeere
15%
rambutan die Rambutan
15%
plum die Zwetschge
15%
nuts and raisins das Studentenfutter
8%
quince die Quitte
8%
redcurrants die roten Johannisbeeren
8%
blackcurrants die schwarzen Johannisbeeren
8%
core das Kerngehäuse
0%
segment der Schnitz
0%
elder die Holunderbeere
0%
rotten faulig
0%
No matching quizzes found
Score Distribution
Percent of People with Each Score
Percentile by Number Answered
Your Score History
You have not taken this quiz